Enforcement of antitrust law : A comparison of the legal and factual situation in Germany, the EEC, and the USA

Đã lưu trong:
Bibliografiske detaljer
Hovedforfatter: Wamser, Frank
Format: Bog
Sprog:Undetermined
Udgivet: Frankfurt am Main Peter Lang 1994
Fag:
Tags: Tilføj Tag
Ingen Tags, Vær først til at tagge denne postø!
Thư viện lưu trữ: Trung tâm Học liệu Trường Đại học Cần Thơ
LEADER 00616nam a2200205Ia 4500
001 CTU_27181
008 210402s9999 xx 000 0 und d
020 |c 125 
082 |a 343.0721 
082 |b W243 
100 |a Wamser, Frank 
245 0 |a Enforcement of antitrust law : 
245 2 |b A comparison of the legal and factual situation in Germany, the EEC, and the USA 
245 0 |c Frank Wamser 
260 |a Frankfurt am Main 
260 |b Peter Lang 
260 |c 1994 
650 |a Antitrust law,Commercial law 
904 |i Minh, Giang sửa 
980 |a Trung tâm Học liệu Trường Đại học Cần Thơ